Fourth National Prison Reform Congress of the United States / (Record no. 173696)

MARC details
000 -LEADER
campo de control de longitud fija 00775nam a2200181 i 4500
001 - NÚMERO DE CONTROL
campo de control 173696
003 - IDENTIFICADOR DE NÚMERO DE CONTROL
campo de control ES-MaACL
005 - FECHA Y HORA DE LA ÚLTIMA TRANSACCIÓN
campo de control 20230906215322.0
008 - DATOS DE LONGITUD FIJA--INFORMACIÓN GENERAL
campo de control de longitud fija 100111s1876 xxu |||| | eng d
100 1# - ENTRADA PRINCIPAL--NOMBRE DE PERSONA
Nombre de persona Wines, Enoch Cobb (
Fechas asociadas al nombre 1806-1879)
9 (RLIN) 117073
245 10 - MENCIÓN DEL TÍTULO
Título Fourth National Prison Reform Congress of the United States /
Mención de responsabilidad, etc. [E. C. Wines].
260 ## - PUBLICACIÓN, DISTRIBUCIÓN, ETC.
Lugar de publicación, distribución, etc. [S.l. :
Nombre del editor, distribuidor, etc. s.n.,
Fecha de publicación, distribución, etc. 1876?]
300 ## - DESCRIPCIÓN FÍSICA
Extensión [4] p. ;
Dimensiones 22 cm.
594 ## - Nota al título y mención de responsabilidad
Nota al título y mención de responsabilidad Datos tomados del principio y final del texto.
650 #4 - PUNTO DE ACCESO ADICIONAL DE MATERIA--TÉRMINO DE MATERIA
Término de materia o nombre geográfico como elemento de entrada Establecimientos penitenciarios-
Subdivisión geográfica Estados Unidos.
9 (RLIN) 12516
650 #4 - PUNTO DE ACCESO ADICIONAL DE MATERIA--TÉRMINO DE MATERIA
Término de materia o nombre geográfico como elemento de entrada Establecimientos penitenciarios-
Subdivisión de forma Congresos y asambleas.
9 (RLIN) 163123
852 ## - LOCALIZACIÓN
Ubicación ES-MaACL
Número de control de estantería D-165(11)
Nota libre - Encuadernado en vol. facticio, en el lomo: Estudios penitenciarios, 5
-- .- Donativo Lastres
condición física - Ejemp. sin port.
Holdings
Estatus retirado Estado de pérdida Estado de daño No para préstamo Colección Biblioteca de origen Biblioteca actual Ubicación en estantería Fecha de adquisición Fuente de adquisición Total de préstamos Signatura topográfica completa Código de barras Visto por última vez Precio de reemplazo Tipo de ítem Koha
        Libros del s. XIX Biblioteca del Ateneo de Madrid Biblioteca del Ateneo de Madrid Sala Valle Inclán 11/01/2010     D-165(11) 901182291 23/02/2023 23/02/2023 Libro impreso antiguo